000 00673nam a2200169 a 4500
008 120416s2003 ||||||||||||||||| || u
050 _aIBRD(02)
100 _aHenry, Carla
245 1 0 _aMicrofinance poverty assessment tool
_cBy Carla Henry, Manohar Sharma, Cecile Lapenu and Manfred Zeller
260 _aWashington, D.C.
_bWorld Bank
_c2003
350 _a0.00
650 _aMICROFINANCE
650 _aPOOR--RESEARCH--DEVELOPING COUNTRIES
650 _aPOVERTY ALLEVIATION--RESEARCH
710 _aWorld Bank
995 _D0.00
_FCBU-MAIN LIBRARY (Kitwe)
_H1
_I0.00
_M1
_UAVAILABLE
_WDec 12, 2007
_ZAnnex Low-Usage Collection
999 _c51137
_d51137